Statistics for Airlines at LAS (Las Vegas)

Click here to take the quiz!

General Stats

  • This quiz has been taken 44 times
  • The average score is 15 of 30

Answer Stats

HintAnswer% Correct
PHXAmerican
100%
ATLDelta
92%
IAHUnited
88%
RNOSouthwest
81%
YYZAir Canada
77%
HNLHawaiian
77%
MEXAeroMexico
73%
LHRBritish
73%
LAXSpirit
73%
SEAAlaska
69%
DENFrontier
69%
LAXJetblue
69%
YYCWestjet
65%
AMSKLM
54%
ICNKorean
54%
TLVEl Al
50%
BLIAllegiant
46%
LHRVirgin Atlantic
42%
MSPSun country
35%
GDLVolaris
35%
YXXFlair
31%
PEKHainan
27%
MEXViva
27%
YVRAir Canada Rouge
23%
ECPCopa
23%
BURAvelo
12%
BURJSX
12%
PVDBrezee
4%
ZHREldelweiss
4%
FRAFinnair
4%

Score Distribution

Percentile by Number Answered

Percent of People with Each Score

Your Score History

You have not taken this quiz